Bitmeyen gece/ (Record no. 11045)
| 000 -BAŞLIK | |
|---|---|
| Sabit Uzunluktaki Kontrol Alanı | 01974nam a22003737a 4500 |
| 001 - KONTROL NUMARASI | |
| Control Dosyası | 0011075 |
| 003 - KONTROL NUMARASI KİMLİĞİ | |
| Kontrol Alanı | KOHA_MİRAKIL |
| 005 - EN SON İŞLEM TARİHİ ve ZAMANI | |
| Kontrol Alanı | 20260207001804.0 |
| 007 - FİZİKSEL TANIM SABİT ALAN - GENEL BİLGİ | |
| Sabit uzunluklu kontrol alanı | ta |
| 008 - SABİT UZUNLUKTAKİ VERİ ÖGELERİ - GENEL BİLGİ | |
| Sabit Alan | 091125b2008 tu |||gr||||#0|||0|tur | |
| 020 ## - ISBN - ULUSLARARASI STANDART KİTAP NUMARASI | |
| Isbn | 9789754372403 |
| 040 ## - KATALOGLAMA KAYNAĞI | |
| Özgün Kataloglama Kurumu | TR-BiSEU |
| Kataloglama Dili | tur |
| Çeviri Kurumu | TR-BiSEU |
| Açıklama Kuralları | rda |
| 041 0# - DİL KODU | |
| Metin ya da ses kaydının dil kodu | tur |
| 044 ## - YAYINLAYAN/ÜRETEN KURULUŞUN ÜLKE KODU | |
| ISO country code | tu |
| 050 ## - SINIFLAMA ve YER NUMARASI | |
| Sınıflama Numarası | LA2383.T92 |
| Yer Numarası | E53 2008 |
| 100 1# - KİŞİ ADI | |
| Yazar Adı (Kişi adı) | Enç, Mitat. |
| 245 1# - ESER ADI BİLDİRİMİ | |
| Başlık | Bitmeyen gece/ |
| Sorumluluk Bildirimi | Mitat Enç ; Mitat Enç. |
| 264 #1 - ÜRERİM, YAYIN, DAĞITIM ve TELİF BİLDİRİMİ | |
| Yayın yeri | İstanbul : |
| Yayınlayan | Ötüken Neşriyat |
| Yayın tarihi | 2008 |
| 300 ## - FİZİKSEL TANIMLAMA | |
| Sayfa, Cilt vb. | 342 sayfa; 20 cm. |
| 336 ## - İÇERİK TÜRÜ | |
| Content type term | metin |
| Content type code | txt |
| Source | rdacontent |
| 337 ## - MEDYA TÜRÜ | |
| Media type term | aracısız |
| Media type code | n |
| Source | rdamedia |
| 338 ## - TAŞIYICI TÜRÜ | |
| Carrier type term | cilt |
| Carrier type code | nc |
| Source | rdacarrier |
| 490 1# - DİZİ BİLDİRİMİ | |
| Dizi Bildirimi | Ötüken Neşriyat yayın nu;380 edebi eserler;197. |
| 500 ## - GENEL NOT | |
| Genel Not | |
| 505 ## - İÇİNDEKİLER NOTU | |
| İçindekiler Notu | Çocukluk ve gençlik yılları bütün diğer iki kitabında anlattığı zorlukları önemsizleştiren mesut hatıralarla dolu olan yazara talih bitmeyen bir gece hazırlar. Gözlerinin ışığı söner ve sonra çileler başlar. Bitmeyen gece insanî ve edebî bakımdan ibretlik bir azim şaheseri, sabır, metanet ve vekar destanıdır. Eser yazarın gözlerinin ferine kavuşmak için çıktığı yolculuğu anlatır. Hangi şartlar altında olursa olsun, hayat karşısında yenilmeyen ve direnmekten vazgeçmeyen bir insanın tok ve ümit aşılayan sesiyle yazılmıştır. O ses bazen kendi kendine yakınır, bazen dipdiridir, bazen de tatlı bir üslupla okuyucuyla konuşur. Bu kitabı da göstermektedir ki Mitat Enç hem edebiyatımız hem de cemiyetimiz için bir övünç kaynağıdır, olmalıdır. |
| 650 #0 - KONU BAŞLIĞI EK GİRİŞ - KONU TERİMİ | |
| Konusal terim veya coğrafi ad | Eğitimciler--Türkiye--Biyografi. |
| 9 (RLIN) | 13919 |
| 650 #0 - KONU BAŞLIĞI EK GİRİŞ - KONU TERİMİ | |
| Konusal terim veya coğrafi ad | Eğitim psikolojisi--Türkiye--Biyografi. |
| 9 (RLIN) | 26965 |
| 650 #0 - KONU BAŞLIĞI EK GİRİŞ - KONU TERİMİ | |
| Konusal terim veya coğrafi ad | Enç, Mitat. |
| 9 (RLIN) | 26966 |
| 650 #0 - KONU BAŞLIĞI EK GİRİŞ - KONU TERİMİ | |
| Konusal terim veya coğrafi ad | Educators--Turkey--Biography. |
| 9 (RLIN) | 13918 |
| 650 #0 - KONU BAŞLIĞI EK GİRİŞ - KONU TERİMİ | |
| Konusal terim veya coğrafi ad | Educational psychologists--Turkey--Biography. |
| 9 (RLIN) | 26967 |
| 830 1# - SERİ EK GİRİŞİ - TEKBİÇİM ESER ADI | |
| Tekbiçim Başlık | Ötüken Neşriyat yayın nu;380 edebi eserler;197. |
| 9 (RLIN) | 26968 |
| 907 ## - LOCAL DATA ELEMENT G, LDG (RLIN) | |
| a | Biyografi |
| 942 ## - EK GİRİŞ ÖGELERİ (KOHA) | |
| Source of classification or shelving scheme | Library of Congress Classification |
| Koha item type | Book |
| Materyal Türü | Kalıcı Konum | Mevcut Konum | Raf Yeri | Sınıflandırma Kaynağı | Edinim Bilgisi | Ana Konular | Alt Konular | Yer Numarası | Demirbaş Numarası | Fatura Tarihi | Maliyet, Alış Fiyatı | Maliyet, Yenileme Fiyatı | Geri Çekilme Durumu | Kayıp Durumu | Hasarlı Durumu | Kredi için değil | Kayıt Tarih | Toplam Ödünçverme | Son Görülme Tarihi | Son Kontrol Tarihi | Genel / Bağış Notu |
|---|---|---|---|---|---|---|---|---|---|---|---|---|---|---|---|---|---|---|---|---|---|
| Book | Prof. Dr. Azmi Özcan Kütüphanesi | Prof. Dr. Azmi Özcan Kütüphanesi | Uluğbey Salonu | Library of Congress Classification | Bağış | EĞİTİM | Eğitim Tarihi | LA2383.T92 E53 2008 | 0011075 | 13/08/2010 | 15.00 | 15.00 | 25/11/2009 | 20 | 05/12/2024 | 05/12/2024 | Ötüken Yayınevi |
